000 00704nam a2200289Ia 4500
008 210210b2011 xxu||||| |||| 00| 0 eng d
020 _a8121935512
041 _aeng
082 _a346.065 PILL
100 _aPILLAI (R S N)
245 _aLegal aspects of business: mercantile laws including industrial and company laws
260 _aNew Delhi
_bS. Chand & Co. Ltd.
_c2011
300 _axx-1057
650 _aof
650 _amercantile
650 _aLegal
650 _alaws
650 _aindustrial
650 _aincluding
650 _acompany
650 _abusiness:
650 _aaspects
650 _aand
690 _aBusiness Law
700 _aBAGAVATHI
906 _a065771
999 _c146486
_d146486